[Event "EICC 2021"]
[Site "Reykjavik"]
[Date "2021.08.29"]
[Round "4.18"]
[White "Donchenko, Alexander"]
[Black "Blohberger, Felix"]
[Result "1/2-1/2"]
[WhiteElo "2657"]
[BlackElo "2502"]
[Annotator "TA"]
[PlyCount "76"]
[EventDate "2021.08.26"]
[EventType "swiss"]
[EventCountry "ISL"]
[Tiebreak "Cut1 Buchholz"]
[SourceTitle "playchess.com"]
[Source "ChessBase"]
[SourceQuality "1"]

{[%evp 14,76,22,12,27,2,13,2,12,11,13,-28,-20,-24,-13,-27,-22,-24,-11,-19,0,0,
0,0,11,18,21,0,7,3,18,0,6,0,-1,-106,-120,-110,-106,-113,-113,-118,-2,-2,-4,-18,
-20,-20,-31,-25,-28,-27,-5,-7,-10,-6,0,0,0,0,0,0,0,0,0]} 1. c4 Nf6 2. Nf3 b6 3.
d4 e6 4. g3 Bb7 5. Bg2 Be7 6. O-O O-O 7. Re1 Na6 {The modern move.} 8. Nc3 Ne4
{[#] E18: Queen's Indian: Old Main Line (4 g3 Bb7 5 Bg2 Be7 6 0-0 0-0 7 Nc3).}
9. Ne5 $146 ({Predecessor:} 9. Bf4 Qc8 10. h4 d6 11. Qb3 f5 12. Rad1 Bf6 13.
Nxe4 Bxe4 14. Ng5 Bxg2 15. Kxg2 e5 16. dxe5 dxe5 {0-1 (43) Checa,N (2789)
-Korobov,A (2965) Chess.com INT 2020}) 9... Nxc3 10. bxc3 Bxg2 11. Kxg2 d6 12.
Nc6 (12. Nf3 {looks sharper.} Nb8 13. e4 Qc8 14. Be3 Nc6 15. Nd2) 12... Qd7 13.
Nxe7+ Qxe7 14. e4 Nb8 15. Qg4 Nc6 16. e5 dxe5 17. dxe5 {Strongly threatening
Bg5.} Kh8 18. Re4 f5 19. exf6 $1 Qxf6 {[%mdl 64] [#] Double Attack} 20. Be3 e5
21. Rd1 Rad8 22. Rd5 h6 23. Qh5 Rd6 24. Rh4 (24. Rd1 $11 {keeps the balance.})
24... Rxd5 $17 25. cxd5 Ne7 {White must now prevent ...Nf5.} 26. Qe2 Nxd5 27.
Bd2 Nxc3 28. Bxc3 $11 Qc6+ {[%mdl 64] [#] Double Attack} 29. Re4 Qxc3 {[%mdl
4096] Endgame KQR-KQR} 30. Rc4 Qa5 31. Rxc7 Qd5+ 32. Kg1 Rf7 33. Rc8+ {The
position is equal.} Kh7 34. Qc2+ g6 35. h4 h5 36. Rc6 e4 37. Rc7 Kg8 38. Rxf7
Qxf7 {Weighted Error Value: White=0.11/Black=0.11} 1/2-1/2

[Event "EICC 2021"]
[Site "Reykjavik"]
[Date "2021.08.29"]
[Round "4.19"]
[White "Druska, Juraj"]
[Black "Abasov, Nijat"]
[Result "1/2-1/2"]
[WhiteElo "2493"]
[BlackElo "2656"]
[Annotator "TA"]
[PlyCount "106"]
[EventDate "2021.08.26"]
[EventType "swiss"]
[EventCountry "ISL"]
[Tiebreak "Cut1 Buchholz"]
[SourceTitle "playchess.com"]
[Source "ChessBase"]
[SourceQuality "1"]

{[%evp 9,106,22,12,21,23,20,22,0,0,0,0,0,14,12,23,12,6,26,36,28,34,23,22,16,22,
-80,-85,-105,-105,-116,-97,-93,-89,-92,-93,-96,-89,-106,-108,-198,-162,-179,
-107,-327,-318,-307,-287,-273,-270,-268,-275,-327,-327,-312,-247,-333,-379,
-391,-387,-377,-377,-365,-354,-327,-311,-299,-135,-135,-135,-135,-135,-135,0,0,
0,0,0,0,0,0,0,0,0,0,0,0,0,0,0,0,0,0,0,0,0,0,8,0,0]} 1. e4 c6 2. Nf3 d5 3. d3 g6
4. Nbd2 Bg7 5. d4 dxe4 6. Nxe4 {B10: Caro-Kann: 2 d3 and 2 c4.} Nf6 7. Nxf6+
exf6 8. Bc4 O-O 9. O-O a5 10. a4 {[#]} Re8 $146 ({Predecessor:} 10... Na6 11.
c3 Nc7 12. b3 Be6 13. Ba3 Re8 14. Re1 Nd5 15. Qd2 h5 16. Bf1 Qc7 {0-1 (31)
Meier,L (2126)-Hess,M (2307) Karlsruhe 2019}) 11. c3 Be6 12. Bxe6 Rxe6 13. Qb3
Qd7 14. Bd2 Bf8 15. Rfe1 Rxe1+ 16. Rxe1 Na6 17. Qb6 {[#]} (17. Bf4 $11) 17...
Nb4 $1 $17 18. d5 (18. cxb4 Ra6) 18... Nxd5 19. Qd4 b5 20. axb5 cxb5 21. c4
bxc4 22. Qxc4 a4 23. Ra1 Nb6 24. Qh4 (24. Qf1 $17) 24... Qb5 $19 25. Qd4 Nd5 (
25... Bc5 $19 26. Qc3 Nc4) 26. Bc1 $2 (26. Rc1 $17) 26... f5 27. Ne5 Bg7 {
Hoping for ...Bxe5.} 28. Qc4 Qxc4 29. Nxc4 {[#]} Rc8 $1 {[%cal Rc8c4]} 30. Ne3
Nxe3 31. Bxe3 {[%mdl 4096] Endgame KRB-KRB} Rc4 ({Weaker is} 31... Bxb2 32.
Rxa4 Re8 33. g3 $17) 32. Rc1 Rxc1+ 33. Bxc1 {KB-KB} Kf8 34. Kf1 Ke7 35. Ke2 Kd6
36. Kd3 Kc5 37. f3 Kb4 (37... Kd5 $19 38. Kc2 Be5) 38. Kc2 $17 Kc4 39. Be3 Be5
40. h3 Bxb2 41. Kxb2 {Threatening Kc2. KB-KP. The position is equal.} Kd3 42.
Bh6 Ke2 {White must now prevent ...Kf2.} 43. f4 $1 Kf2 44. g4 fxg4 45. hxg4 Kf3
46. g5 Kxf4 {Threatens to win with ...Kg4.} 47. Ka3 Kf5 48. Kxa4 f6 49. gxf6
Kxf6 50. Kb3 g5 51. Kc3 Kg6 52. Bxg5 h6 53. Bxh6 Kxh6 {And White is the lucky
defender.  Weighted Error Value: White=0.15/Black=0.11} 1/2-1/2

[Event "EICC 2021"]
[Site "Reykjavik"]
[Date "2021.08.29"]
[Round "4.20"]
[White "Martirosyan, Haik M."]
[Black "Quparadze, Giga"]
[Result "1-0"]
[WhiteElo "2632"]
[BlackElo "2476"]
[Annotator "TA"]
[PlyCount "89"]
[EventDate "2021.08.26"]
[EventType "swiss"]
[EventCountry "ISL"]
[Tiebreak "Cut1 Buchholz"]
[SourceTitle "playchess.com"]
[Source "ChessBase"]
[SourceQuality "1"]

{[%evp 15,89,29,34,25,32,23,28,23,19,10,33,27,23,20,54,54,54,52,52,44,57,49,78,
18,33,17,19,12,12,12,12,12,12,20,46,46,98,95,92,98,150,145,291,239,309,305,303,
288,322,317,399,395,487,462,450,418,423,416,385,355,333,317,464,480,666,661,
983,910,12839,12839,12842,12842,29982,29983,29995,29996]} 1. d4 Nf6 2. c4 e6 3.
Nf3 b6 4. g3 Bb4+ 5. Bd2 c5 6. Bxb4 cxb4 7. Bg2 Bb7 8. O-O O-O 9. Qd3 {E16:
Queen's Indian: 4 g3 Bb7 5 Bg2 Bb4+.} a5 10. Nbd2 d6 11. Nh4 $5 {[%mdl 4]
White has an edge. An interesting side line.} Bxg2 12. Nxg2 Qc7 {[#]} 13. e4
$146 ({Predecessor:} 13. Ne3 Nc6 14. Rac1 Nd7 15. Rfd1 Ne7 16. Ne4 h6 17. Qb3
Rac8 18. a3 Qc6 19. f3 {0-1 (55) Pashikian,A (2606)-Petrosyan,M (2466) Yerevan
2015}) 13... e5 14. Ne3 Nc6 15. Nf3 Rfe8 16. dxe5 Nxe5 17. Nxe5 dxe5 18. Rfd1
Qc6 19. Nd5 (19. f3 $1 $16) 19... Nd7 $11 20. Qe3 Nc5 21. Rd2 Rab8 22. b3 Ne6
23. Rad1 Qc5 24. Kg2 h6 25. Qe2 b5 (25... Qc8 $14) 26. Qg4 $16 Kh8 27. cxb5 Nd4
{[#]} ({Black should play} 27... Qxb5 28. Ne3 Nd4) 28. Qh5 $1 f5 {Black cannot
hold the game after this.} (28... Rf8 $16 {was necessary.} 29. Qxe5 Nxb5) 29.
Ne3 f4 {[#]} 30. gxf4 {Threatens to win with Rxd4!} Qxb5 31. f5 Qc6 32. f3 a4
33. Ng4 axb3 34. axb3 Re7 {[#]} 35. Nxe5 $1 {[%mdl 576] Remove Defender} Rxe5
36. Rxd4 Rg8 37. Rd6 Qc3 38. R1d3 Qc2+ (38... Qc7 $142 39. Kh3 Rc5) 39. Kh3 $18
{Intending Rxh6+! and mate.} Qc1 40. Rd1 Qe3 41. Rd8 {White threatens Rxg8+
and mate.} Qxb3 42. R1d6 Re7 43. f6 {Threatening mate with fxg7+.} gxf6 44.
Rxf6 Rh7 {[#]} 45. Qe5 $1 {[%cal Rf6h6][%mdl 512] Weighted Error Value:
White=0.09/Black=0.44} 1-0

[Event "EICC 2021"]
[Site "Reykjavik"]
[Date "2021.08.29"]
[Round "4.21"]
[White "Sebenik, Matej"]
[Black "Banusz, Tamas"]
[Result "0-1"]
[WhiteElo "2492"]
[BlackElo "2631"]
[Annotator "TA"]
[PlyCount "64"]
[EventDate "2021.08.26"]
[EventType "swiss"]
[EventCountry "ISL"]
[Tiebreak "Cut1 Buchholz"]
[SourceTitle "playchess.com"]
[Source "ChessBase"]
[SourceQuality "1"]

{[%evp 16,64,19,14,10,26,23,23,17,14,17,0,0,0,0,0,0,0,14,13,15,18,22,14,19,21,
0,0,0,0,0,-31,-29,-27,-28,-42,-65,-49,-54,-90,-93,-397,-214,-196,-202,-1136,
-1109,-844,-299,-276,-278]} 1. d4 Nf6 2. c4 e6 3. Nf3 Bb4+ 4. Bd2 Qe7 5. e3 O-O
6. Bd3 Bxd2+ 7. Qxd2 d5 $5 {[%mdl 4] Exploring less charted territory.} 8. cxd5
exd5 9. Nc3 b6 $5 {[%mdl 4] An interesting side line. E11: Bogo-Indian.} 10.
Ne5 c5 11. O-O Bb7 {White has an edge.} 12. f4 {[#]} Nc6 $146 ({Predecessor:} 
12... Nbd7 13. Bc2 {1/2-1/2 (13) Stefansson,H (2517)-Kulhanek,T (2314) Prague
2021}) 13. a3 (13. Rad1 {feels hotter.} Rad8 14. a3 h6 15. Bb1 Qe6 16. Qf2)
13... cxd4 14. exd4 Nxd4 {And now ...Nb3 would win.} 15. Bxh7+ $1 Kxh7 16. Qxd4
Qc5 17. Rfd1 Rac8 18. Qxc5 bxc5 19. Nb5 a6 20. Nd6 {[%mdl 64] Double Attack}
Rc7 21. Rac1 Ba8 22. Rd3 Kg8 23. Rb3 d4 24. Rb6 Nd5 {[%mdl 64] Double Attack}
25. Rxa6 Nxf4 26. Rf1 {[#]} Re7 $1 27. Rxf4 (27. Ndc4 g5) 27... Rxe5 28. Rxf7
$2 {[%mdl 8192] This move loses the game for White.} Bd5 (28... Rxf7 $142 29.
Nxf7 Kxf7 30. Rxa8 d3) 29. Rxf8+ $19 Kxf8 30. Ra5 $2 (30. Nb5) 30... d3 {
( -> ...d2)} 31. Nb5 d2 $2 (31... Re1+ 32. Kf2 Re2+ {[%mdl 64] Double Attack}
33. Kf1 Bxg2+ 34. Kg1 Rc2) 32. Nc3 {[#]} Re3 $1 {[%cal Re3c3] Weighted Error
Value: White=0.59/Black=0.37} 0-1

[Event "EICC 2021"]
[Site "Reykjavik"]
[Date "2021.08.29"]
[Round "4.22"]
[White "Gavrilescu, David"]
[Black "Paravyan, David"]
[Result "1/2-1/2"]
[WhiteElo "2477"]
[BlackElo "2631"]
[Annotator "TA"]
[PlyCount "55"]
[EventDate "2021.08.26"]
[EventType "swiss"]
[EventCountry "ISL"]
[Tiebreak "Cut1 Buchholz"]
[SourceTitle "playchess.com"]
[Source "ChessBase"]
[SourceQuality "1"]

{[%evp 9,55,46,50,11,0,0,0,0,0,0,0,0,8,0,12,-20,-7,-16,24,22,25,15,33,31,16,26,
34,34,28,31,31,31,31,31,31,31,34,37,38,38,38,39,39,0,39,0,39,0]} 1. e4 c5 2.
Nf3 Nc6 3. Bb5 d5 4. exd5 Qxd5 5. Nc3 Qe6+ 6. Qe2 {B30: Sicilian: 2...Nc6 3
Bb5, lines without ...g6.} (6. Be2 {with more complications.} Nd4 7. O-O Bd7 8.
Re1 Nf6 9. b3) 6... Qxe2+ $1 7. Kxe2 Bd7 {[#]} 8. Ne4 $146 {The position is
equal.} ({Predecessor:} 8. a4 a6 9. Bxc6 Bxc6 10. a5 f6 11. d3 e5 12. Be3 Rc8
13. Rhe1 h5 14. Kf1 {0-1 (28) Delgado Ramirez,N (2616)-Bellahcene,B (2517)
Chess.com INT 2021}) 8... e6 9. d3 Nf6 10. Nxf6+ gxf6 11. a4 {[%cal Ba2a4,
Ba4a5][%mdl 32]} Rc8 12. c3 Rg8 13. g3 h5 14. a5 a6 15. Ba4 Ne5 16. Nxe5 fxe5
17. Be3 Bd6 18. Bxd7+ Kxd7 19. Ra4 Rg4 20. Rxg4 hxg4 $14 {[%mdl 4096] Endgame
KRB-KRB} 21. h4 gxh3 22. Rxh3 f5 23. Rh7+ Kc6 24. c4 Rg8 25. Rh6 Kd7 26. Rh7+
Kc6 27. Rh6 Kd7 28. Rh7+ {Weighted Error Value: White=0.07/Black=0.04} 1/2-1/2

[Event "EICC 2021"]
[Site "Reykjavik"]
[Date "2021.08.29"]
[Round "4.23"]
[White "Vocaturo, Daniele"]
[Black "Loiseau, Quentin"]
[Result "1-0"]
[WhiteElo "2630"]
[BlackElo "2466"]
[Annotator "TA"]
[PlyCount "63"]
[EventDate "2021.08.26"]
[EventType "swiss"]
[EventCountry "ISL"]
[Tiebreak "Cut1 Buchholz"]
[SourceTitle "playchess.com"]
[Source "ChessBase"]
[SourceQuality "1"]

{[%evp 9,63,25,9,0,0,6,73,16,23,22,32,0,0,1,14,17,22,-29,-11,-11,-11,-17,-22,
-30,5,-23,10,6,36,23,16,17,30,20,19,25,156,158,177,177,504,498,417,177,625,101,
177,139,455,318,29966,29967,12847,6599,29981,29982]} 1. c4 c5 2. Nc3 Nc6 3. Nf3
Nf6 4. e3 e5 5. d4 e4 {[#]} 6. d5 $1 {Black should prevent Nd2. A34:
Symmetrical English: 2 Nc3, lines with ...d5.} exf3 7. dxc6 {[#]} g6 $146 (7...
dxc6 $11 8. Qxd8+ Kxd8) ({Predecessor:} 7... dxc6 8. Qxd8+ Kxd8 9. gxf3 g6 10.
b3 Bg7 11. Bb2 Ke7 12. O-O-O Be6 13. Be2 Rhd8 {0-1 (65) Predke,A (2673)
-Karjakin,S (2757) Moscow 2021}) 8. gxf3 (8. cxd7+ $16 Nxd7 9. Qxf3) 8... bxc6
$11 9. b3 Bg7 10. Bb2 d5 $1 11. cxd5 Nxd5 12. Qd2 {Hoping for Nxd5.} O-O 13.
Be2 ({White should try} 13. O-O-O) 13... Qh4 {White must now prevent ...Nxe3!}
14. Nxd5 Bxb2 15. Ne7+ $1 Qxe7 16. Qxb2 Rd8 17. Rc1 a5 18. h4 a4 19. h5 Be6 20.
h6 {[%csl Gh6][%cal Rb2g7]} f6 21. Rh4 {Re4 is the strong threat.} axb3 22.
axb3 Qf7 (22... Bd5 $11 {keeps the balance.}) 23. Rf4 $16 f5 24. Rxc5 Bxb3 $2 (
24... Qf8) 25. Rxc6 $18 Bd5 {[#]} 26. Rc1 (26. Rd4 $142 $1 {[%mdl 512] And now
Rxd5! would win.} Rdb8 27. Ra6) 26... Qf8 $2 (26... Rab8 27. Rb4 Rxb4 28. Qxb4
Qf8) 27. Rh4 $2 (27. Rc7 $18 {Threatening mate with Rg7+.} Qxh6 {[#]} 28. Rh4
$3 {[%mdl 512]}) 27... Ra7 (27... Bf7 $16) 28. Rd1 {Threatens to win with Rxd5!
} Ra2 $2 {[%mdl 8192] This costs Black the game.} (28... Be6 $16 29. Rxd8 Qxd8)
29. Qc3 {aiming for Bc4!} Ra7 $2 {[#]} (29... Ra3 $18 30. Qg7+ Qxg7 31. hxg7 g5
) 30. Rxd5 $1 {[%mdl 576] Remove Defender} Rxd5 31. Bc4 Qc5 32. Rd4 {[%mdl 64]
Pin.  Weighted Error Value: White=0.49/Black=1.26} 1-0

[Event "EICC 2021"]
[Site "Reykjavik"]
[Date "2021.08.29"]
[Round "4.24"]
[White "Ter-Sahakyan, Samvel"]
[Black "Kacharava, Nikolozi"]
[Result "1/2-1/2"]
[WhiteElo "2624"]
[BlackElo "2453"]
[Annotator "TA"]
[PlyCount "95"]
[EventDate "2021.08.26"]
[EventType "swiss"]
[EventCountry "ISL"]
[Tiebreak "Cut1 Buchholz"]
[SourceTitle "playchess.com"]
[Source "ChessBase"]
[SourceQuality "1"]

{[%evp 9,95,6,10,19,23,10,9,0,3,0,0,0,0,0,5,0,11,0,12,18,25,27,52,45,52,36,35,
35,42,33,37,41,77,48,106,56,54,39,54,47,42,32,47,27,28,28,32,29,31,27,36,24,22,
22,27,8,33,13,18,10,15,15,19,16,17,7,7,7,7,7,7,0,0,0,0,0,0,0,0,0,9,9,9,9,9,10,
10,10]} 1. e4 e5 2. Nf3 Nf6 3. d4 Nxe4 4. Bd3 Nc6 5. d5 Nf6 ({Don't go for} 
5... Bb4+ $2 6. c3 $18) 6. dxc6 {C43: Petroff Defence: 3 d4.} e4 $1 {[%mdl 64]
[#] Double Attack} 7. cxb7 Bxb7 8. Be2 {Nd4 is the strong threat.} exf3 9. Bxf3
Bxf3 10. Qxf3 Bb4+ (10... Be7 {is more complex.} 11. b3 O-O 12. O-O d5 13. Bb2
Ne4) 11. c3 Be7 12. O-O O-O 13. c4 {[#]} c6 $146 ({Predecessor:} 13... Rb8 14.
Nc3 c6 15. Rd1 Re8 16. b3 Qa5 17. Bf4 Rbd8 18. a3 Bf8 19. b4 Qf5 20. c5 a5 {
1/2-1/2 (61) Svidler,P (2723)-Skatchkov,V (2242) Chess.com INT 2020}) 14. Nc3
Qa5 15. Bd2 Qh5 16. Qxh5 Nxh5 17. Rfd1 f5 18. Be3 Nf6 19. h3 Rfe8 20. Rd3 Bf8
21. Rad1 d6 (21... Kf7 $14) 22. b3 Nd7 23. Na4 Re6 24. R3d2 h6 25. Kf1 Kf7 26.
Bd4 Nf6 27. Nc3 Ne4 28. Nxe4 Rxe4 29. Bc3 g6 30. Bb4 c5 $1 {[%cal Rc5b4]} 31.
Ba5 Rc8 $1 32. f3 Re5 33. Bc3 Re3 {The position is equal.} 34. Rd3 Rxd3 35.
Rxd3 $11 {[%mdl 4096] Endgame KRB-KRB} Re8 36. Kf2 h5 37. Re3 (37. g3 {with
more complications.} Ke6 38. f4 Kd7 39. Kf3 Kc6 40. Rd1) 37... Rxe3 38. Kxe3 {
KB-KB} Ke6 39. Kd3 Be7 40. a3 d5 41. Ba5 a6 42. Bc7 Kd7 43. Bf4 (43. Be5 {
looks sharper.} Ke6 44. Bf4 Bd8 45. Be3 Kd6 46. b4) 43... Kc6 44. g4 dxc4+ 45.
Kxc4 fxg4 46. fxg4 hxg4 47. hxg4 Bf8 48. Be3 {Weighted Error Value: White=0.07/
Black=0.06} 1/2-1/2

[Event "EICC 2021"]
[Site "Reykjavik"]
[Date "2021.08.29"]
[Round "4.25"]
[White "Petenyi, Tamas"]
[Black "Fridman, Daniel"]
[Result "0-1"]
[WhiteElo "2463"]
[BlackElo "2621"]
[Annotator "TA"]
[PlyCount "52"]
[EventDate "2021.08.26"]
[EventType "swiss"]
[EventCountry "ISL"]
[Tiebreak "Cut1 Buchholz"]
[SourceTitle "playchess.com"]
[Source "ChessBase"]
[SourceQuality "1"]

{[%evp 13,52,14,14,0,0,0,0,0,0,0,0,-8,0,-23,-15,-37,-32,-54,-53,-88,-87,-198,
-206,-211,-204,-227,-218,-222,-226,-492,-453,-492,-470,-601,-619,-603,-591,
-826,-817,-787,-694]} 1. Nf3 Nf6 2. g3 d5 3. Bg2 c5 4. O-O Nc6 5. d4 e6 6. b3
cxd4 7. Nxd4 Bc5 8. Nxc6 {D02: 1 d4 d5 2 Nf3 sidelines, including 2...Nf6 3 g3
and 2...Nf6 3 Bf4.} bxc6 9. c4 O-O 10. Qc2 {Black must now prevent cxd5.The
position is equal.} Qe7 11. Bb2 e5 12. Nc3 {[%cal Rc4d5]} Be6 {[#]} 13. a3 $146
({Predecessor:} 13. cxd5 cxd5 14. Na4 Bd6 15. Rfc1 Bd7 16. Nc3 d4 17. Nd5 Nxd5
18. Bxd5 Rac8 19. Qe4 {1-0 (39) Banikas,H (2572)-Kapnisis,S (2418) Rhodes 2008}
) 13... a5 14. Na4 {[#] And now cxd5 would win.} Bd6 15. Rfd1 Rab8 16. Rab1 g6
{...Bf5 is the strong threat.} 17. c5 (17. Ra1 $17 {keeps fighting.}) 17... Bc7
$19 18. e4 Nxe4 19. Bxe4 dxe4 20. Nb6 Bg4 21. Rd2 $2 {[#]} (21. Re1 {was
called for.} Bf3 22. Qc4) 21... Bf5 {Hoping for ...e3.Black is clearly winning.
} 22. Qc3 e3 23. fxe3 Bxb6 24. cxb6 Bxb1 25. e4 Rxb6 26. Rd1 Ba2 {Weighted
Error Value: White=0.52/Black=0.01} 0-1

[Event "EICC 2021"]
[Site "Reykjavik"]
[Date "2021.08.29"]
[Round "4.26"]
[White "Horvath, Dominik"]
[Black "Svane, Rasmus"]
[Result "1/2-1/2"]
[WhiteElo "2455"]
[BlackElo "2615"]
[Annotator "TA"]
[PlyCount "114"]
[EventDate "2021.08.26"]
[EventType "swiss"]
[EventCountry "ISL"]
[Tiebreak "Cut1 Buchholz"]
[SourceTitle "playchess.com"]
[Source "ChessBase"]
[SourceQuality "1"]

{[%evp 13,114,29,29,23,38,28,35,22,37,35,28,34,23,0,14,0,0,0,0,0,5,0,0,0,0,0,6,
0,0,-9,0,0,0,0,0,0,0,0,0,0,0,-130,-131,-122,-122,-127,-88,-138,-157,-139,-142,
-371,-368,-317,-218,-201,-36,-35,143,8,370,254,254,227,250,236,217,124,111,119,
90,131,123,28,29,27,33,-6,-8,-8,-4,-8,0,0,0,0,0,0,0,0,0,0,0,0,0,0,0,0,0,0,0,0,
0]} 1. d4 {Marin,M} d5 2. c4 c6 3. Nf3 Nf6 4. e3 Bf5 5. Nc3 e6 6. Nh4 Bg6 7.
Nxg6 hxg6 8. Rb1 {D12: Slav Defence: 3 Nf3 Nf6 4 e3 Bf5.} Nbd7 9. c5 a5 10. a3
{White is slightly better.} Be7 11. b4 axb4 12. axb4 e5 13. Be2 Qc7 14. f4 exf4
15. exf4 {[#]} b6 $146 ({Predecessor:} 15... Nf8 16. O-O Ne6 17. g3 Qd7 18. Qd3
Ne4 19. Nxe4 dxe4 20. Qxe4 Qxd4+ 21. Qxd4 Nxd4 {1/2-1/2 (66) Topalov,V (2813)
-Kramnik,V (2743) Elista 2006 CBM 115 [Marin,M]}) 16. O-O bxc5 17. bxc5 Ne4 18.
Nxe4 dxe4 19. Bc4 Nf6 20. Qb3 O-O 21. Kh1 Rfb8 22. Qc2 (22. Bxf7+ $2 Kf8 $19)
22... Rd8 23. Be3 Qd7 24. Rb3 Re8 25. Bg1 Bd8 26. Re1 Re7 27. d5 (27. Qb1 $11 {
remains equal.}) 27... cxd5 $17 28. Bb5 Qe6 29. Bd4 Bc7 30. Qf2 Ng4 31. Qh4 {
Black must now prevent Rh3.} Nh6 32. g4 (32. Rh3 $17 f6 33. Bg1) 32... Bxf4 $19
33. Be2 Bd2 34. Rf1 {With the idea g5.} g5 $2 (34... e3 $19 35. Rf4 Qd7) 35.
Qh5 $1 $15 e3 $2 (35... Qd7 $15 {keeps the upper hand.} 36. h4 Qa4) 36. Kg1 ({
Only move:} 36. Qxg5 $16 {[%csl Gd4][%cal Rg5g7]} f6 37. Bxf6) 36... Qe4 $2 {
[%mdl 8192] [#]} (36... f6 $11 {and Black stays safe.}) 37. Bxg7 $1 {[%mdl 512]
} Kxg7 38. Qxg5+ Qg6 ({Don't go for} 38... Kh7 $2 39. Bd3 $18) 39. Qxe7 {
And now Rb6 would win.} Nxg4 {[#] ( -> ...Nf2+)} 40. Rb6 ({Not} 40. Bxg4 Qxg4+
41. Kh1 Qe4+ 42. Qxe4 dxe4 $19) ({White should play} 40. h3 $1 $18 {[%cal
Rh3g4]} Re8 41. Qxe8 Nf6+ 42. Kh1 Nxe8 43. Rg1) 40... Nf6+ $16 41. Kh1 Qe4+ 42.
Qxe4 Nxe4 {[#]} 43. Rb7 ({Better is} 43. c6 $1 $16) 43... Nf2+ $11 44. Kg2 {
aiming for Rd7.} Rc8 45. Rxf2 (45. Ra1 {is interesting.} d4 46. Raa7 Rxc5 47.
Rxf7+ Kg6 48. h4) 45... exf2 {The position is equal.} 46. Kxf2 Rxc5 $14 {
[%mdl 4096] Endgame KRB-KRB} 47. Bh5 Kf6 48. Rxf7+ Ke5 49. Be2 Kd4 50. Rf3 {
Rd3+ is the strong threat.} Rc2 51. h4 Rb2 52. h5 Ke4 53. Bd3+ Ke5 54. Kg3 Rb4
55. Bg6 Bf4+ 56. Kg2 Rb2+ 57. Rf2 Rxf2+ {Blacks defense is rewarded with a
draw.  Weighted Error Value: White=0.24/Black=0.30} 1/2-1/2

[Event "EICC 2021"]
[Site "Reykjavik"]
[Date "2021.08.29"]
[Round "4.27"]
[White "Gretarsson, Helgi Ass"]
[Black "Bartel, Mateusz"]
[Result "1/2-1/2"]
[WhiteElo "2447"]
[BlackElo "2611"]
[Annotator "TA"]
[PlyCount "100"]
[EventDate "2021.08.26"]
[EventType "swiss"]
[EventCountry "ISL"]
[Tiebreak "Cut1 Buchholz"]
[SourceTitle "playchess.com"]
[Source "ChessBase"]
[SourceQuality "1"]

{[%evp 9,100,25,38,15,11,16,20,31,24,-12,25,21,18,18,18,18,33,18,18,19,20,17,
52,50,50,26,37,22,21,11,23,18,29,-4,-4,-4,-6,-52,-54,-155,-143,-140,-133,-153,
-164,-204,-216,-585,-72,-82,-15,-46,0,0,0,0,0,0,0,0,0,-8,0,0,0,0,102,97,125,93,
111,110,121,64,118,52,52,52,53,70,91,67,63,0,0,0,0,0,0,0,0,0,0]} 1. c4 e5 2.
Nc3 Bb4 3. Nd5 a5 4. Nf3 d6 5. a3 Bc5 6. d4 {A21: English Opening: 1...e5 2
Nc3.} exd4 7. Nxd4 Ne7 8. Bg5 f6 {[#]} 9. Be3 $146 ({Predecessor:} 9. Bf4 Nxd5
10. cxd5 f5 11. e3 O-O 12. h4 Qf6 13. Rc1 Re8 14. Be2 Na6 15. Bg5 {0-1 (52)
Kezin,R (2470)-Rakhmanov,A (2645) Cheliabinsk 2020}) 9... Nbc6 (9... c6 {
with more complications.} 10. Nxe7 Qxe7 11. Bf4 g5 12. Be3 f5) 10. Nxc6 Nxc6
11. Bxc5 dxc5 12. e3 O-O 13. Be2 Ne5 14. Qc2 c6 15. Nc3 f5 16. f4 Nf7 17. Kf2
Re8 18. Na4 Qe7 19. Qc3 Nd6 20. Bf3 g5 21. g3 Be6 22. b3 Bf7 23. Rad1 {[#]} Bh5
$1 24. Nxc5 (24. Rhe1 $1 $15) 24... Bxf3 $17 25. Kxf3 Rad8 $1 {Strongly
threatening ...Ne4.} 26. Rhe1 b6 {[%mdl 1024] Black has strong compensation.}
27. Na4 {[#]} Ne4 $1 28. Qc1 (28. Qc2 gxf4 29. exf4) 28... b5 $2 (28... Rxd1
$19 {has better winning chances.} 29. Rxd1 gxf4) 29. Nc3 b4 (29... g4+ $17 30.
Kg2 Nc5) 30. axb4 axb4 31. Nxe4 Qxe4+ 32. Kf2 g4 33. Kg1 Rd3 34. Rxd3 Qxd3 $11
{[%mdl 4096] Endgame KQR-KQR} 35. Qa1 Qd2 36. e4 fxe4 {Threatens to win with ..
.e3.} 37. Qd1 Qc3 (37... Qxd1 $11 {keeps the balance.} 38. Rxd1 e3) 38. Qxg4+
$16 Kh8 39. Re2 Qd3 40. Qh5 Re7 {[#]} 41. Kg2 (41. Re1 $1 $16 {[%cal Re1d1]})
41... Qd1 (41... e3 $14) 42. Kh3 ({Better is} 42. h3 $16) 42... e3 $14 43. f5
$40 {[%mdl 128] Black needs to defend precisely.} Qf1+ $1 44. Kh4 {Ra2 is the
strong threat.} Qd1 45. Qf3 Qxb3 46. Qxc6 (46. f6 $1 $14 Qxc4+ 47. g4) 46...
Qd3 $1 $11 {[%cal Rd3f5][%mdl 64] Double Attack. The position is equal.} 47.
Qf6+ Rg7 $1 48. Qf8+ Rg8 49. Qf6+ Rg7 50. Qf8+ Rg8 {Weighted Error Value:
White=0.24/Black=0.25} 1/2-1/2